Comarcas de Aragón - Click Map - Estadísticas

Estadísticas generales
  • Esta prueba ha sido intentada 231 veces
  • La puntuación promedio es 14 de 33
Respuestas en el mapa
Las respuestas están codificadas por una escala verde-roja en el mapa de la prueba según el % correcto abajo.
 
Estadísticas de respuestas
Respuesta % Correcto
Alto Gállego
70%
Hoya de Huesca
69%
Los Monegros
63%
Ribagorza
63%
Cinco Villas
62%
La Jacetania
62%
Comarca Central
61%
Sobrarbe
56%
Tarazona y el Moncayo
56%
Comunidad de Calatayud
51%
Comunidad de Teruel
51%
La Litera
49%
Somontano de Barbastro
49%
Campo de Borja
46%
Ribera Baja del Ebro
44%
Bajo Cinca
42%
Cinca Medio
41%
Ribera Alta del Ebro
41%
Matarraña
35%
Sierra de Albarracín
34%
Aranda
32%
Bajo Aragón-Caspe
31%
Campo de Belchite
28%
Campo de Daroca
28%
Gúdar-Javalambre
28%
Bajo Aragón
27%
Mestrazgo
27%
Andorra-Sierra de Arcos
25%
Campo de Cariñena
24%
Cuencas Mineras
24%
Valdelajón
24%
Bajo Martín
21%
Jiloca
21%
No se encontraron pruebas coincidentes
Distribución de puntuación
Porcentaje de gente con cada puntuación
Porcentaje por número respondido
Historial de tus puntuaciones
No has intentado esta prueba.